Sponzoring, dárcovství a charita: pro co se rozhodnout?
Sponzoring, darcovstvo a charita ako nástroje na posilnenie firemného imidžu. Správny výber projektu. Rozdiely medzi sponzorovaním a charitou. Koncepcia darcovstva. Najčastejšie chyby pri darovaní a sponzoringu.
Gespeichert in:
| 1. Verfasser: | |
|---|---|
| Format: | Buchkapitel |
| Sprache: | Tschechisch |
| Schlagworte: | |
| Tags: |
Keine Tags, Fügen Sie das erste Tag hinzu!
|
MARC
| LEADER | 00000naa$a2200000$$$4500 | ||
|---|---|---|---|
| 001 | 0042215 | ||
| 005 | 20231018125829.4 | ||
| 041 | 0 | |a cze | |
| 044 | |a CZ | ||
| 245 | 1 | 0 | |a Sponzoring, dárcovství a charita: pro co se rozhodnout? |c Roman Pařík |
| 520 | |a Sponzoring, darcovstvo a charita ako nástroje na posilnenie firemného imidžu. Správny výber projektu. Rozdiely medzi sponzorovaním a charitou. Koncepcia darcovstva. Najčastejšie chyby pri darovaní a sponzoringu. | ||
| 610 | 2 | 0 | |a financie |
| 610 | 2 | 0 | |a financovanie |
| 610 | 2 | 0 | |a sponzorovanie |
| 610 | 2 | 0 | |a dary |
| 610 | 2 | 0 | |a firmy |
| 610 | 2 | 0 | |a komunikácia |
| 610 | 2 | 0 | |a imidž |
| 100 | 1 | |a Pařík, Roman | |